| 000 | 01465nam a22002297a 4500 | ||
|---|---|---|---|
| 005 | 20240320110829.0 | ||
| 008 | 240320t2024 xxk|||||og||| 00| 0 eng d | ||
| 110 |
_aProperty Lawyers Action Group _96338 |
||
| 245 | _aAn Open Letter to James Munro at National Trading Standards | ||
| 260 |
_bProperty Lawyers Action Group, _c18 March 2024 |
||
| 520 | _aLetter to James Munro of the National Trading Standards' (NTS) estate and letting agency team, the Property Lawyers Action Group (PLAG) states that the NTS Material Information guidance for estate agents' property listings distorts the source legislation, the Consumer Protection from Unfair Trading Regulations 2008. The letter argues that there is no coherent interpretation of the legislation that infers an obligation on the part of the seller, trader or not, to proactively obtain information which the seller does not already have (i.e. due diligence). The “guidance” however, does seek to impose such obligations on the seller. | ||
| 650 | _aMATERIAL INFORMATION | ||
| 650 | _aLETTINGS | ||
| 650 | _aESTATE AGENTS | ||
| 650 | _aPROPERTY PARTICULARS | ||
| 650 | _aTRADING STANDARDS | ||
| 650 | _aCONSUMER PROTECTION FROM UNFAIR TRADING REGULATIONS 2008 | ||
| 690 |
_aResidential property _96266 |
||
| 710 |
_aProperty Lawyers Action Group _96338 |
||
| 856 |
_uhttps://plactiongroup.co.uk/2024/03/18/an-open-letter-to-james-munro-at-national-trading-standards/ _zPLAG letter |
||
| 942 | _2ddc | ||
| 999 |
_c121862 _d121862 |
||